Pilates para todos / (Registro nro. 10984)

Detalles MARC
000 -LIDER
fixed length control field 00695nam a22002417a 4500
001 - NÚMERO DE CONTROL
Identificador de número de control 00791
003 - IDENTIFICACDOR DE NÚMERO DE CONTROL
control field DO-SdBNP
005 - DATE AND TIME OF LATEST TRANSACTION
control field 20160720142015.0
007 - CAMPOS FIJOS DE DESCRIPCIÓN FÍSICA
fixed length control field 00791
008 - ELEMENTOS DE LONGITUD FIJA
fixed length control field 160720b 2005 mx||||| |||| 00| 0 spa d
020 ## - ISBN
International Standard Book Number 9789681913250
040 ## - FUENTE DE CATALOGACIÓN
Agencia que crea de manera original el registro BPMSU
Idioma de catalogación spa
Agencia que realiza la transcripción BPMSU
092 ## - LOCALLY ASSIGNED DEWEY DECIMAL CALL NUMBER
Número de clasificación xxxxxxx
Número de ítem (Cutter) xxxxxxx
100 1# - ASIENTO PRINCIPAL -- NOMBRE PERSONAL
Nombre personal Austin, Denise
245 1# - MENCIÓN DE TITULO
Título Pilates para todos /
Mención de responsabilidad Denise Austin ; traducción Martha Mauri
260 ## - PUBLICACIÓN, DISTRIBUCIÓN, ETC. (PIE DE IMPRENTA)
Lugar de publicación, distribución, etc México :
Nombre del editor, distribuidor, etc. Santillana Ediciones Generales,
Fecha de publicación, distribución, etc 2005.
Fecha de impresión 4ta. reimpresión 2005
300 ## - DESCRIPCIÓN FÍSICA
Extensión 326 p. :
Otros detalles físicos il.,
Dimensiones 24 cm.
490 1# - MENCIÓN DE SERIES
Mención de serie Alamah visual
700 1# - ASIENTO SECUNDARIO -- NOMBRE PERSONAL
Nombre personal Mauri, Martha,
Mención de responsabilidad tr.
830 #0 - ASIENTO SECUNDARIO DE SERIE--TÍTULO UNIFORME
Título uniforme Alamah visual
942 ## - ADDED ENTRY ELEMENTS (KOHA)
Source of classification or shelving scheme Dewey Decimal Classification
Koha item type Libros
956 ## - LOCAL ELECTRONIC LOCATION AND ACCESS (OCLC)
Nombre de host BTAVÁREz
Número de acceso 10
Información de compresión 20162007
Trayectoria 00791
Existencias
Withdrawn status Lost status Source of classification or shelving scheme Damaged status Not for loan Collection code Home library Current library Date acquired Source of acquisition Total Checkouts Barcode Date last seen Price effective from Koha item type Copy number
    Dewey Decimal Classification       Biblioteca Pública Metropolitana Salomé Ureña Biblioteca Pública Metropolitana Salomé Ureña 07/20/2016 Santillana   BPMSU16070592 07/20/2016 07/20/2016 Libros  
    Dewey Decimal Classification       Biblioteca Pública Metropolitana Salomé Ureña Biblioteca Pública Metropolitana Salomé Ureña 07/20/2016 Santillana   BPMSU16070593 07/20/2016 07/20/2016 Libros ej. 2